1608 1359 1160 1373 1719 1132 1411 1366 1639 1136 1367 1969 1919 1762 1059 1074 1816 1667 1128 1169 1315 1655 1683 1007 1061 1785 1519 1779 1718 1981 1689 1445 1489 1480 1151 1466 1951 1192 1141 1954 1343 1632 1493 1300 1952 1989 1335 1144 1545 1443 1273 1162 1029 1857 1554 1374 1549 1760 1416 1253 1340 1008 1675 1500 1776 1916 1852 1272 1432 1051 1939 1884 1431 1530 1703 1216 1023 1718 1376 1918 1160 1201 1910 1893 1602 1328 1370 1027 1856 1649 1340 1601 1088 1061 1537 1617 1812 1710 1291 BCNSPRNW ULIB Ver.6.0+V

เปลี่ยนเป็นภาษาไทย

Change to English
 แสดงรายละเอียดบรรณานุกรม
  กลับหน้าหลัก

Brief Record : Get Marc (ISO 2709) : E-mail record : QR code < ปิดหน้าต่าง
LEADER : 01174nam 2200277 a 4500
001    13399108543
003     ULIB
008    030417s2552 caua sb 001 0 tha
020    ^a9786167004020
060    ^aQV767^bจ167ค 2552
100    ^aจริยา เดชกุญชร
245    ^aเครื่องดื่มและน้ำสมุนไพรเพื่อสุขภาพ/^cจริยา เดชกุญชร
250    พิมพ์ครั้งที่ 2
260    กรุงเทพฯ:^bเพชรการเรือน,^c2552
300    82 หน้า^bภาพประกอบสี
650    ^aน้ำสมุนไพร
945    ^p180^l0^i027655
995    ทศพร
999    ^aKey new Using ULIBM easy add form
รายการนี้ยังไม่มีแท็ก
คุณยังไม่ได้ล็อกอิน คุณสามารถมีกิจกรรมร่วมกับเว็บไซต์ได้ แต่ต้องล็อกอินก่อน ::
  ล็อกอิน

รายการสื่อสารสนเทศ

ลำดับที่ ประเภท เลขเรียก/บาร์โค้ด สถานที่ สถานะ
- ไม่พบข้อมูล -

รายการใกล้เคียง
    ผู้แต่ง [จริยา เดชกุญชร]

    หัวเรื่อง [น้ำสมุนไพร]

BibComment


ยังไม่เคยถูกคอมเมนท์

คอมเมนท์ทรัพยากรรายการนี้
  คอมเมนท์: เครื่องดื่มและน้..


 Copyright 2026. Bcnsprnw @Library